| Tag |
First Indicator |
Second Indicator |
Subfields |
| LEADER |
00000cam a2200000 a 4500 |
| 001 |
in00000990447 |
| 005 |
20150927154403.0 |
| 008 |
900508s1991 maua b 00110 eng |
| 010 |
|
|
|a 90038077
|
| 020 |
|
|
|a 079239075X (acid-free paper)
|
| 035 |
|
|
|a (OCoLC)21593543
|
| 035 |
|
|
|9 AEY1504AM
|
| 040 |
|
|
|a DLC
|c DLC
|d UtOrBLW
|
| 049 |
|
|
|a TXAM
|
| 050 |
0 |
0 |
|a QA248
|b .Z55 1990
|
| 082 |
0 |
0 |
|a 511.3/22
|2 20
|
| 100 |
1 |
|
|a Zimmermann, H.-J.
|q (Hans-Jürgen),
|d 1934-
|
| 245 |
1 |
0 |
|a Fuzzy set theory--and its applications /
|c H.-J. Zimmermann.
|
| 250 |
|
|
|a 2nd rev. ed.
|
| 264 |
|
1 |
|a Boston :
|b Kluwer Academic Publishers,
|c [1991]
|
| 264 |
|
4 |
|c ©1991
|
| 300 |
|
|
|a xx, 399 pages :
|b illustrations ;
|c 24 cm.
|
| 336 |
|
|
|a text
|b txt
|2 rdacontent
|
| 337 |
|
|
|a unmediated
|b n
|2 rdamedia
|
| 338 |
|
|
|a volume
|b nc
|2 rdacarrier
|
| 504 |
|
|
|a Includes bibliographical references (pages 373-391) and index.
|
| 650 |
|
0 |
|a Fuzzy sets.
|
| 650 |
|
0 |
|a Operations research.
|
| 999 |
|
|
|a MARS
|
| 999 |
f |
f |
|s 15932547-a87c-3235-90e1-6d1b5cba1dd4
|i 808b1a50-08c1-3933-bb32-02e516ffdfb3
|t 0
|
| 952 |
f |
f |
|p normal
|a Texas A&M University
|b College Station
|c Sterling C. Evans Library
|d Evans: Library Stacks
|t 0
|e QA248 .Z55 1990
|h Library of Congress classification
|i unmediated -- volume
|m A14814701885
|
| 998 |
f |
f |
|a QA248 .Z55 1990
|t 0
|l Evans: Library Stacks
|